<?xml version="1.0" encoding="UTF-8"?>
<record
    xmlns:xsi="http://www.w3.org/2001/XMLSchema-instance"
    xsi:schemaLocation="http://www.loc.gov/MARC21/slim http://www.loc.gov/standards/marcxml/schema/MARC21slim.xsd"
    xmlns="http://www.loc.gov/MARC21/slim">

  <leader>01972nam a22002057a 4500</leader>
  <controlfield tag="008">120605t        xxu||||| |||| 00| 0 eng d</controlfield>
  <datafield tag="020" ind1=" " ind2=" ">
    <subfield code="a">0072949570</subfield>
  </datafield>
  <datafield tag="050" ind1=" " ind2=" ">
    <subfield code="a">HF5635.P93</subfield>
  </datafield>
  <datafield tag="100" ind1=" " ind2=" ">
    <subfield code="a">Price, John Ellis</subfield>
  </datafield>
  <datafield tag="245" ind1=" " ind2=" ">
    <subfield code="a">College accounting. /</subfield>
    <subfield code="c">John Ellis Price, M. David Haddock Jr. and Horace R. Brock</subfield>
  </datafield>
  <datafield tag="250" ind1=" " ind2=" ">
    <subfield code="a">10th ed.</subfield>
  </datafield>
  <datafield tag="260" ind1=" " ind2=" ">
    <subfield code="a">New York:</subfield>
    <subfield code="b">McGraw Hill,</subfield>
    <subfield code="c">c2003.</subfield>
  </datafield>
  <datafield tag="300" ind1=" " ind2=" ">
    <subfield code="a">xxxiv, 1148 p+various pagings:</subfield>
    <subfield code="b">ill.;</subfield>
    <subfield code="c">25cm.</subfield>
  </datafield>
  <datafield tag="500" ind1=" " ind2=" ">
    <subfield code="a">Includes index</subfield>
  </datafield>
  <datafield tag="505" ind1=" " ind2=" ">
    <subfield code="a">Contents: Accounting: The Language of business -- Analyzing business transaction -- Analyzing business transactions using T accounts -- The General journal and the general ledger -- Adjustments and the worksheet -- Closing entries and the post closing trial balance -- Accounting for sales and accounts receivable -- Accounting for purchases and accounts payable -- Cash receipts, cash payments, and banking procedures -- Payroll computations, records, and payment -- Payroll taxes, deposits, and reports -- Accruals, deferrals, and the worksheet -- Financial statements and closing procedures -- Accounting principles and reporting standards -- Accounts receivable and uncollectible accounts -- Notes payable notes receivable -- Merchandise inventory -- Property, plant, and equipment -- Accounting for partnerships -- Corporations: formation and capital stock transactions -- Corporate earnings and capital transactions -- Long-term bonds -- Statement analysis: comparative statements -- Statement analysis: measuring probability, financial strength, and liquidity -- The Statement of cash flows -- Internal control and the voucher system -- Departmentalized profit and cost centers -- Accounting for manufacturing activities -- Job order cost accounting -- Process cost accounting -- Controlling manufacturing costs: standard costs -- Cost-revenue analysis for decision making.</subfield>
  </datafield>
  <datafield tag="650" ind1=" " ind2=" ">
    <subfield code="b">Accounting</subfield>
  </datafield>
  <datafield tag="700" ind1=" " ind2=" ">
    <subfield code="a">Haddock, M. David</subfield>
  </datafield>
  <datafield tag="700" ind1=" " ind2=" ">
    <subfield code="a">Brock, Horace R.</subfield>
  </datafield>
  <datafield tag="942" ind1=" " ind2=" ">
    <subfield code="2">lcc</subfield>
    <subfield code="c">BK</subfield>
  </datafield>
  <datafield tag="999" ind1=" " ind2=" ">
    <subfield code="c">1090</subfield>
    <subfield code="d">8590</subfield>
  </datafield>
  <datafield tag="952" ind1=" " ind2=" ">
    <subfield code="0">0</subfield>
    <subfield code="1">0</subfield>
    <subfield code="2">lcc</subfield>
    <subfield code="4">0</subfield>
    <subfield code="7">0</subfield>
    <subfield code="a">WIUC-1</subfield>
    <subfield code="b">WIUC-1</subfield>
    <subfield code="c">GEN</subfield>
    <subfield code="d">2012-06-05</subfield>
    <subfield code="l">0</subfield>
    <subfield code="o">HF5635.P93</subfield>
    <subfield code="p">2876/12</subfield>
    <subfield code="r">2012-06-05 00:00:00</subfield>
    <subfield code="t">1</subfield>
    <subfield code="w">2012-06-05</subfield>
    <subfield code="y">BK</subfield>
  </datafield>
  <datafield tag="952" ind1=" " ind2=" ">
    <subfield code="0">0</subfield>
    <subfield code="1">0</subfield>
    <subfield code="2">lcc</subfield>
    <subfield code="4">0</subfield>
    <subfield code="7">0</subfield>
    <subfield code="a">WIUC-1</subfield>
    <subfield code="b">WIUC-1</subfield>
    <subfield code="c">GEN</subfield>
    <subfield code="d">2012-06-05</subfield>
    <subfield code="l">0</subfield>
    <subfield code="o">HF5635.P931</subfield>
    <subfield code="p">2877/12</subfield>
    <subfield code="r">2012-06-05 00:00:00</subfield>
    <subfield code="t">2</subfield>
    <subfield code="w">2012-06-05</subfield>
    <subfield code="y">BK</subfield>
  </datafield>
  <datafield tag="952" ind1=" " ind2=" ">
    <subfield code="0">0</subfield>
    <subfield code="1">0</subfield>
    <subfield code="2">lcc</subfield>
    <subfield code="4">0</subfield>
    <subfield code="7">0</subfield>
    <subfield code="a">WIUC-1</subfield>
    <subfield code="b">WIUC-1</subfield>
    <subfield code="c">GEN</subfield>
    <subfield code="d">2012-06-05</subfield>
    <subfield code="l">0</subfield>
    <subfield code="o">HF5635.P932</subfield>
    <subfield code="p">2878/12</subfield>
    <subfield code="r">2012-06-05 00:00:00</subfield>
    <subfield code="t">3</subfield>
    <subfield code="w">2012-06-05</subfield>
    <subfield code="y">BK</subfield>
  </datafield>
  <datafield tag="952" ind1=" " ind2=" ">
    <subfield code="0">0</subfield>
    <subfield code="1">0</subfield>
    <subfield code="2">lcc</subfield>
    <subfield code="4">0</subfield>
    <subfield code="7">0</subfield>
    <subfield code="a">WIUC-1</subfield>
    <subfield code="b">WIUC-1</subfield>
    <subfield code="c">GEN</subfield>
    <subfield code="d">2012-06-05</subfield>
    <subfield code="l">0</subfield>
    <subfield code="o">HF5635.P933</subfield>
    <subfield code="p">2879/12</subfield>
    <subfield code="r">2012-06-05 00:00:00</subfield>
    <subfield code="t">4</subfield>
    <subfield code="w">2012-06-05</subfield>
    <subfield code="y">BK</subfield>
  </datafield>
  <datafield tag="952" ind1=" " ind2=" ">
    <subfield code="0">0</subfield>
    <subfield code="1">0</subfield>
    <subfield code="2">lcc</subfield>
    <subfield code="4">0</subfield>
    <subfield code="7">0</subfield>
    <subfield code="a">WIUC-1</subfield>
    <subfield code="b">WIUC-1</subfield>
    <subfield code="c">GEN</subfield>
    <subfield code="d">2012-06-05</subfield>
    <subfield code="l">0</subfield>
    <subfield code="o">HF5635.P934</subfield>
    <subfield code="p">2880/12</subfield>
    <subfield code="r">2012-06-05 00:00:00</subfield>
    <subfield code="t">5</subfield>
    <subfield code="w">2012-06-05</subfield>
    <subfield code="y">BK</subfield>
  </datafield>
</record>
